000 02081cam a2200361 i 4500
001 17740172
003 PILC
005 20150302082845.0
008 130513s2013 cau b 001 0 eng
010 _a 2013019370
020 _a9781118173534 (paperback)
035 _a(DNLM)101608198
040 _aDNLM/DLC
_cDLC
_erda
_dDLC
042 _apcc
050 0 0 _aR 858
_b.W34 2013
060 1 0 _aW 26.55.I4
082 0 0 _a610.68
100 1 _aWager, Karen A.,
_d1961-
_eauthor.
245 1 0 _aHealth care information systems :
_ba practical approach for health care management /
_cKaren A. Wager, Frances Wickham Lee, John P. Glaser.
250 _a3rd ed.
260 _aSan Francisco :
_bJossey-Bass,
_cc2013.
300 _axxxiv, 700 pages :
_c24 cm.
504 _aIncludes bibliographical references and index.
520 _a"The revised third edition of Health Care Information Systems is a comprehensive text that offers an understanding of health care information systems that helps readers work effectively with and support information systems design, as well as the development and implementation. It covers current and developing information systems of interest to managers in health services organizations; health care information systems architecture; security and privacy issues; uses of health care information for clinical and strategic analysis and decision support; techniques for developing and evaluating an information system request for proposal; and information on the future"--Provided by publisher.
521 _aNursing
650 1 2 _aHealth Information Systems
_xorganization & administration.
700 1 _aLee, Frances Wickham,
_d1953-
_eauthor.
700 1 _aGlaser, John P.
_q(John Patrick),
_d1955-
_eauthor.
776 0 8 _iOnline version:
_aWager, Karen A., 1961- author.
_tHealth care information systems
_bThird editon.
_dSan Francisco : Jossey-Bass, 2013
_z9781118419366
_w(DLC) 2013020076
906 _a7
_bcbc
_corignew
_d1
_eecip
_f20
_gy-gencatlg
942 _2lcc
_cBK
999 _c283665
_d283665